सर्व शिक्षा अभियानः (Record no. 68322)
[ view plain ]
| 000 -LEADER | |
|---|---|
| fixed length control field | 03374nam a22003617a 4500 |
| 005 - DATE AND TIME OF LATEST TRANSACTION | |
| control field | 2012070402212.0 |
| 008 - FIXED-LENGTH DATA ELEMENTS--GENERAL INFORMATION | |
| fixed length control field | 120704t xxu||||| |||| 00| 0 hin d |
| 010 ## - LCCN (DPL NO) | |
| LC control number | B-471437, B-477914-919 |
| 020 ## - INTERNATIONAL STANDARD BOOK NUMBER | |
| Terms of availability | 325.00 |
| International Standard Book Number | 9789381067192 |
| 035 ## - SYSTEM CONTROL NUMBER | |
| System control number | B-471437, B-477914-919 |
| 037 ## - SOURCE OF ACQUISITION | |
| Source of stock number/acquisition | के.के. पब्लिकेशंस |
| 040 ## - CATALOGING SOURCE | |
| Original cataloging agency | DPL |
| Language of cataloging | HN |
| 082 ## - DEWEY DECIMAL CLASSIFICATION NUMBER | |
| Classification number | 372.954 |
| 100 ## - MAIN ENTRY--PERSONAL NAME | |
| 9 (RLIN) | 24598 |
| Personal name | त्रिपाठी, विनायक |
| 245 ## - TITLE STATEMENT | |
| Title | सर्व शिक्षा अभियानः |
| Statement of responsibility, etc | विनायक त्रिपाठी |
| Remainder of title | (सभी के लिए शिक्षा) / |
| 246 ## - VARYING FORM OF TITLE | |
| Title proper/short title | sarv Shiksha Abhiyan |
| Remainder of title | by Vinayak Tripathi |
| 260 ## - PUBLICATION, DISTRIBUTION, ETC. (IMPRINT) | |
| Place of publication, distribution, etc | दिल्ली |
| Name of publisher, distributor, etc | आर्या पब्लिकेशन्स |
| Date of publication, distribution, etc | 2012 |
| 270 ## - ADDRESS | |
| City | दिल्ली |
| Address | ए-20, गली न.4, हरदेव पुरी, 100 फुटा रोड़,पंजाब नैशनल बैंक के सामने |
| Postal code | 110093 |
| Telephone number | 011- 22813582 |
| Electronic mail address | aaryapub@yahoo.in |
| 300 ## - PHYSICAL DESCRIPTION | |
| Extent | 144पृ. |
| Dimensions | 22सेमी (सजिल्द) |
| 650 ## - SUBJECT ADDED ENTRY--TOPICAL TERM | |
| 9 (RLIN) | 1169 |
| 650 ## - SUBJECT ADDED ENTRY--TOPICAL TERM | |
| 9 (RLIN) | 29580 |
| 700 ## - ADDED ENTRY--PERSONAL NAME | |
| 9 (RLIN) | 24599 |
| 700 ## - ADDED ENTRY--PERSONAL NAME | |
| 9 (RLIN) | 24924 |
| 942 ## - ADDED ENTRY ELEMENTS (KOHA) | |
| Source of classification or shelving scheme | Dewey Decimal Classification |
| Item type | Hindi Books |
| Call number suffix | त्रिपाठी |
| Classification part | 372.954 |
| Withdrawn status | Lost status | Source of classification or shelving scheme | Damaged status | Not for loan | Collection code | Home library | Current library | Date acquired | Source of acquisition | Cost, normal purchase price | Total Checkouts | Full call number | Barcode | Date last seen | Copy number | Cost, replacement price | Koha item type |
|---|---|---|---|---|---|---|---|---|---|---|---|---|---|---|---|---|---|
| Dewey Decimal Classification | Non-fiction | Central Library | Central Library | 04/07/2012 | के.के. पब्लिकेशंस/1885/24.03.12/35/20.03.12/29.03.12 | 325.00 | 372.954 त्रिपाठी | B-471437 | 04/07/2012 | 1 | 325.00 | Hindi Books | |||||
| Dewey Decimal Classification | Non-fiction | Karol Bagh | Karol Bagh | 04/07/2012 | के.के. पब्लिकेशंस/1885/24.03.12/35/20.03.12/29.03.12 | 325.00 | 372.954 त्रिपाठी | B-477917 | 04/07/2012 | 1 | 325.00 | Hindi Books | |||||
| Dewey Decimal Classification | Non-fiction | Patel Nagar | Patel Nagar | 04/07/2012 | के.के. पब्लिकेशंस/1885/24.03.12/35/20.03.12/29.03.12 | 325.00 | 1 | 372.954 त्रिपाठी | B-477914 | 18/09/2018 | 1 | 325.00 | Hindi Books | ||||
| Written-off vide DLB M. No. 383 dt 16.05.19 | Dewey Decimal Classification | Non-fiction | R.C.Libraries (zls) | R.C.Libraries (zls) | 04/07/2012 | के.के. पब्लिकेशंस/1885/24.03.12/35/20.03.12/29.03.12 | 325.00 | 372.954 त्रिपाठी | B-477918 | 04/07/2012 | 2 | 325.00 | Hindi Books | ||||
| Dewey Decimal Classification | Non-fiction | R.C.Libraries (zls) | R.C.Libraries (zls) | 04/07/2012 | के.के. पब्लिकेशंस/1885/24.03.12/35/20.03.12/29.03.12 | 325.00 | 372.954 त्रिपाठी | B-477919 | 04/07/2012 | 2 | 325.00 | Hindi Books | |||||
| Dewey Decimal Classification | Non-fiction | Sarojini Nagar | Sarojini Nagar | 04/07/2012 | के.के. पब्लिकेशंस/1885/24.03.12/35/20.03.12/29.03.12 | 325.00 | 2 | 372.954 त्रिपाठी | B-477915 | 10/05/2024 | 1 | 325.00 | Hindi Books | ||||
| Written-off vide DLB M. No. 383 dt 16.05.19 | Dewey Decimal Classification | Non-fiction | Vinoba Puri | Vinoba Puri | 04/07/2012 | के.के. पब्लिकेशंस/1885/24.03.12/35/20.03.12/29.03.12 | 325.00 | 1 | 372.954 त्रिपाठी | B-477916 | 18/12/2012 | 1 | 325.00 | Hindi Books |
